| 000 | 01628cad a22002415a 4500 | ||
|---|---|---|---|
| 001 | L154095 | ||
| 008 | 111012e20111011xxkd f s f000 0 eng d | ||
| 035 | _a(Sirsi) u154095 | ||
| 041 | 0 | _aeng | |
| 050 | 0 | 4 | _a333.33 $2 18 |
| 110 | 1 |
_aUnited Kingdom _bDepartment for Communities and Local Government _94939 |
|
| 245 | 0 | 0 |
_aHouse price index _bAugust 2011 _h[electronic resource] |
| 260 |
_aLondon _bDCLG _c2011 |
||
| 490 | 0 |
_aDCLG House Price Index _vAugust 2011 |
|
| 520 | _aUK house prices decreased by 1.32% since August 2010 and increased by 0.6% since July 2011. The mix-adjusted average house price was £208 476 in August 2011 (not seasonally adjusted). UK house prices arranged unchanged in the quarter ending August 2011 compared with a decrease of 0.2% in the quarter ending May 2011(seasonally adjusted). Annual average house prices fell by 1.2% in England, 1.5% in Scotland, 0.3% in Wales and 4.3% in Northern Ireland. Annual average house prices paid by first time buyers in August were 1.8% lower than a year ago. Average house prices paid by former owner occupiers decreased by 1.1%. Annual average house prices paid for new properties in August 2011 were 9.2% higher than a year ago. By comparison average house prices paid on pre-owned dwellings were 2% lower. | ||
| 521 | _aAdvanced | ||
| 590 | _aKA NTK | ||
| 650 | 2 | 4 | _aDCLG HOUSE PRICE INDEX |
| 651 | 4 |
_aUnited Kingdom _y |
|
| 690 | _aPROPERTY-RESIDENTIAL PROPERTY-RESIDENTIAL PROPERTY MARKET | ||
| 856 | 4 | 0 |
_uhttps://www.communities.gov.uk/documents/statistics/pdf/2005178.pdf _zView this item free of charge at www.communities.gov.uk |
| 942 | _n0 | ||
| 999 |
_c112834 _d112834 |
||